Statistiques concernant Les buteurs du Dijon Football Côte d'Or en Ligue 1

Cliquez ici pour prendre le quiz!

Statistiques générales

  • Ce quiz a été pris 23 fois
  • Le résultat moyen est 11 sur 49

Statistiques - réponses

Années au DFCONationalitéNombre de butsJoueur% Correct
2012-2020CPV31Júlio Tavares
94%
2017-2019KOR14Chang-Hoon Kwon
61%
2016-2020FRA1Florent Balmont
61%
2013-en coursFRA3Jordan Marié
61%
2014-2017FRA11Loïs Diony
61%
2017-2019TUN12Naïm Sliti
61%
2015-2022FRA5Frédéric Sammaritano
44%
2015-2016, 2017-2019FRA14Wesley Saïd
44%
2011-2018FRA4Cédric Varrault
39%
2019-2021FRA4Mounir Chouiar
39%
2017-2019FRA6Benjamin Jeannot
33%
2015-2017FRA7Pierre Lees-Melou
33%
2013-2020FRA1Romain Amalfitano
33%
2016-2021MAR1Fouad Chafik
28%
2019-2020ANG5Stephy Mavididi
28%
2011-2014FRA9Brice Jovial
22%
2017-2019CAF3Cédric Yambéré
22%
2019-2020VEN2Jhonder Cádiz
22%
2018-2019GIN2Jules Keita
22%
2010-2012FRA8Benjamin Corgnet
17%
2019-2022GAB2Bruno Ecuele-Manga
17%
2010-2012FRA3Eric Bauthéac
17%
2011-2015FRA2Grégory Thil
17%
2018-2020MAR4Nayef Aguerd
17%
2017-2019TUN3Oussama Haddadi
17%
2018-2023MLI3Senou Coulibaly
17%
2020-2023ALG2Yassine Benzia
17%
2020-2022FRA1Aurélien Scheidler
11%
2012-2015CIV2Koro Koné
11%
2019-2021GNB13Mama Baldé
11%
2016-2019ALG6Mehdi Abeid
11%
2020-2021, 2022-en coursCIV1Roger Assalé
11%
2017-2018POR2Xeka
11%
2011-2012CIV1Abdoulaye Meïté
6%
2021MRT1Aboubakar Kamara
6%
2012GHA1Bennard Yao Kumordzi
6%
2007-2012FRA1Christophe Mandanne
6%
2012RDC4Gaël Kakuta
6%
2020-2021, 2022-2023SEN5Moussa Konaté
6%
2011-2013FRA2Thomas Guerbert
6%
2014-2017FRA1Yohann Rivière
6%
2010-2013SEN4Younousse Sankharé
6%
2016-2018COG1Dylan Bahamboula
0%
2020-2021FRA1Eric-Junior Dina-Ebimbe
0%
2019-2021RDC2Glody Ngonda
0%
2019-2020MAR1Hamza Mendyl
0%
2016-2017FRA2Jordan Lotiès
0%
2018-2020FRA1Mickaël Alphonse
0%
2010-2016FRA1Steven Paulle
0%

Distribution des résultats

Percentile par nombre de réponses

% des personnes avec chaque résultat

Votre développement - résultats

Vous n’avez pas pris ce quiz